000 00733nam a2200253 i 4500
001 000029423
003 DO-SdBNP
005 20260520105306.0
007 ta
008 250110s19? dr a 000 0 spa d
040 _aDO-SdBNP
_bspa
_cBNPHU
_erda
041 _hspa
082 4 _axxx
_bxxx
_222
100 _aDiederich, Bernard
_eautor
_4aut.
_948900
245 1 0 _aTrujillo :
_bla muerte del dictador /
_cBernard Diederich
264 1 _aCiudad no identificada :
_beditor no identificado,
_c199-?
300 _a257 páginas ;
_c27 cm.
336 _atexto
_btxt
_2rdacontent
337 _asin mediación
_bn
_2rdamedia
338 _avolumen
_bnc
_2rdacarrier
590 _aInventariado, 2025 / DG
910 _aDG
942 _2ddc
_cLBS1
999 _c58024
_d58024